| 000 | 00996cam a2200289 a 4500 | ||
|---|---|---|---|
| 001 | 12160103 | ||
| 003 | EG-ScBUE | ||
| 005 | 20220407102029.0 | ||
| 008 | 000831s2001 enk f b f001 0 eng d | ||
| 020 | _a0521625688 (pbk.) | ||
| 020 | _a9780521625685 | ||
| 040 |
_aDLC _beng _erda _cDLC _dDLC _dEG-ScBUE |
||
| 082 | 0 | 4 |
_a410.18 _222 _bMAT |
| 100 | 1 |
_aMatthews, P. H. _q(Peter Hugoe) _eauthor. _937333 |
|
| 245 | 1 | 2 |
_aA short history of structural linguistics / _cPeter Matthews, professor of linguistics, University of Cambridge. |
| 264 | 1 |
_aCambridge : _bCambridge University Press, _c2001. |
|
| 300 |
_aix, 163 pages ; _c24 cm |
||
| 336 |
_2rdacontent _atext _btxt |
||
| 337 |
_2rdamedia _aunmediated _bn |
||
| 338 |
_2rdacarrier _avolume _bnc |
||
| 504 | _aIncludes bibliographical references and index. | ||
| 650 | 7 |
_aStructural linguistics _xHistory. _937334 _2BUEsh |
|
| 651 | _2BUEsh | ||
| 653 |
_cJanuary2015 _bHHUUEENN |
||
| 655 |
_vReading book _934232 |
||
| 942 |
_2ddc _k410.18 MAT _cBB |
||
| 999 |
_c18935 _d18907 |
||